000 01563nam0a2200349 4500
001 RU\NLR\bibl\1472216
005 20260406124254.0
010 _a978-5-295-04828-9
_bв пер.
_93000
021 _aRU
_b2009-100411
_96383
035 _a(nilc)RSL-KNO-004481232
035 _a(NLR Aleph) 001463903
090 _a1600768
_c1600768
100 _a20091210d2009 |||y0rusy50 ca
101 0 _arus
102 _aRU
105 _ay zzzz|||||
200 1 _aЦентральный государственный архив общественных объединений Республики Башкортостан
_eпутеводитель
210 _aУфа
_cКитап
_d2009
215 _a669, [1] с.
_d22
320 _aИмен. указ.: с. 664-670
601 0 2 _aЦентральный государственный архив общественных объединений Республики Башкортостан
_cУфа, город
_jПутеводители
_92597942
_3RU\NLR\auth\661534916
686 _aФ61(2)93(2Р-6Б)л65
_2rubbk
686 _aФ72(2)93(2Р-6Б)л65
_2rubbk
686 _aФ75(2)193(2Р-6Б)л65
_2rubbk
686 _aЧ814(2Р-6Б)72я23
710 0 2 _4070
_aЦентральный государственный архив общественных объединений Республики Башкортостан
_cУфа
_3RU\NLR\AUTH\8817120
_9307484
801 0 _aRU
_bRuMoRGB
_c20091210
_grcr
801 1 _aRU
_bRuMoRGB
_c20091210
801 2 _aRU
_bNLR
_c20100211
_grcr
942 _cBOOK
980 _aNB
980 _aNBR